Corporate Sector Resilience in India in the Wake of the COVID-19 Shock /

To assess the resilience of India's corporate sector against COVID-19-related shocks, we conducted a series of stress tests using firm-level corporate balance sheet data. The results reveal a differential impact across sectors, with the most severe impact on contact-intensive services, construc...

Popoln opis

Bibliografske podrobnosti
Glavni avtor: Gornicka, Lucyna
Drugi avtorji: Ogawa, Sumiko, Xu, TengTeng
Format: Revija
Jezik:English
Izdano: Washington, D.C. : International Monetary Fund, 2021.
Serija:IMF Working Papers; Working Paper ; No. 2021/278
Teme:
Online dostop:Full text available on IMF
LEADER 02251cas a2200289 a 4500
001 AALejournalIMF022207
008 230101c9999 xx r poo 0 0eng d
020 |c 5.00 USD 
020 |z 9781589065871 
022 |a 1018-5941 
040 |a BD-DhAAL  |c BD-DhAAL 
100 1 |a Gornicka, Lucyna. 
245 1 0 |a Corporate Sector Resilience in India in the Wake of the COVID-19 Shock /  |c Lucyna Gornicka, Sumiko Ogawa, TengTeng Xu. 
264 1 |a Washington, D.C. :  |b International Monetary Fund,  |c 2021. 
300 |a 1 online resource (31 pages) 
490 1 |a IMF Working Papers 
500 |a <strong>Off-Campus Access:</strong> No User ID or Password Required 
500 |a <strong>On-Campus Access:</strong> No User ID or Password Required 
506 |a Electronic access restricted to authorized BRAC University faculty, staff and students 
520 3 |a To assess the resilience of India's corporate sector against COVID-19-related shocks, we conducted a series of stress tests using firm-level corporate balance sheet data. The results reveal a differential impact across sectors, with the most severe impact on contact-intensive services, construction, and manufacturing sectors, and micro, small, and medium enterprises. On policy impact, the results highlight that temporary policy measures have been particularly effective in supporting firm liquidity, but the impact on solvency is less pronounced. On financial sector balance sheets, we found that public sector banks are more vulnerable to stress in the corporate sector, partly due to their weaker starting capital positions. When considering forward-looking multiperiod growth scenarios, we find that the overall corporate performance will depend on the speed of recovery. A slower pace of recovery could lead to persistently high levels of debt at risk, especially in some services and industrial sectors. 
538 |a Mode of access: Internet 
650 7 |a Computational Techniques  |2 imf 
650 7 |a Corporate Finance and Governance  |2 imf 
700 1 |a Ogawa, Sumiko. 
700 1 |a Xu, TengTeng. 
830 0 |a IMF Working Papers; Working Paper ;  |v No. 2021/278 
856 4 0 |z Full text available on IMF  |u http://elibrary.imf.org/view/journals/001/2021/278/001.2021.issue-278-en.xml  |z IMF e-Library